South Eastern Kenya University

Library Online Public Access Catalogue


Success with heart failure : (Record no. 7597)

MARC details
000 -LEADER
fixed length control field 00692cam a2200205 a 4500
003 - CONTROL NUMBER IDENTIFIER
control field OSt
005 - DATE AND TIME OF LATEST TRANSACTION
control field 20150729120022.0
008 - FIXED-LENGTH DATA ELEMENTS--GENERAL INFORMATION
fixed length control field 980603s1998 nyua b 001 0 eng
020 ## - INTERNATIONAL STANDARD BOOK NUMBER
International Standard Book Number 030645985X
040 ## - CATALOGING SOURCE
Original cataloging agency SEKU
050 00 - LIBRARY OF CONGRESS CALL NUMBER
Classification number RC 685.C53
Item number .S5 1998
100 1# - MAIN ENTRY--PERSONAL NAME
Personal name Silver, Marc A.
245 10 - TITLE STATEMENT
Title Success with heart failure :
Remainder of title help and hope for those with congestive heart failure /
Statement of responsibility, etc. Marc A. Silver ; foreword by Lynne Warner Stevenson.
250 ## - EDITION STATEMENT
Edition statement New ed.
260 ## - PUBLICATION, DISTRIBUTION, ETC. (IMPRINT)
Place of publication, distribution, etc. New York :
Name of publisher, distributor, etc. Insight Books,
Date of publication, distribution, etc. c1998.
300 ## - PHYSICAL DESCRIPTION
Extent xviii, 252 p. :
Other physical details ill. ;
Dimensions 23 cm.
504 ## - BIBLIOGRAPHY, ETC. NOTE
Bibliography, etc Includes bibliographical references and index.
650 #0 - SUBJECT ADDED ENTRY--TOPICAL TERM
Topical term or geographic name as entry element Congestive heart failure
General subdivision Popular works.
942 ## - ADDED ENTRY ELEMENTS (KOHA)
Source of classification or shelving scheme Library of Congress Classification
Koha item type General circulation
Holdings
Withdrawn status Lost status Source of classification or shelving scheme Damaged status Not for loan Home library Current library Shelving location Date acquired Source of acquisition Total Checkouts Full call number Barcode Date last seen Price effective from Koha item type Public note
    Library of Congress Classification     Main Campus Library Main Campus Library General Stacks 29/07/2015 Donation - Books for Africa   RC 685.C53 .S5 1998 2015/005267 29/07/2015 29/07/2015 General circulation JTH
Kitui, Kenya.
+254736116989
library@seku.ac.ke